Doce años con Hitler / (Record no. 150715)

MARC details
000 -LEADER
campo de control de longitud fija 00716nam a2200217 i 4500
001 - NÚMERO DE CONTROL
campo de control 150715
003 - IDENTIFICADOR DE NÚMERO DE CONTROL
campo de control ES-MaACL
005 - FECHA Y HORA DE LA ÚLTIMA TRANSACCIÓN
campo de control 20250824225602.0
007 - CAMPO FIJO DE DESCRIPCIÓN FÍSICA--INFORMACIÓN GENERAL
campo de control de longitud fija t|
008 - DATOS DE LONGITUD FIJA--INFORMACIÓN GENERAL
campo de control de longitud fija 071106s1955 sp ||||1| spa d
100 1# - ENTRADA PRINCIPAL--NOMBRE DE PERSONA
Nombre de persona Dietrich, Otto.
9 (RLIN) 44623
245 10 - MENCIÓN DEL TÍTULO
Título Doce años con Hitler /
Mención de responsabilidad, etc. Dr. Otto Dietrich ; [traducción directa del alemán por Manuel Scholz].
260 ## - PUBLICACIÓN, DISTRIBUCIÓN, ETC.
Lugar de publicación, distribución, etc. Barcelona :
Nombre del editor, distribuidor, etc. A.H.R.,
Fecha de publicación, distribución, etc. [1955]
300 ## - DESCRIPCIÓN FÍSICA
Extensión 353 p., 5 h. de lám. ;
Dimensiones 19 cm.
490 1# - MENCIÓN DE SERIE
Mención de serie Libros que hacen historia
600 14 - PUNTO DE ACCESO ADICIONAL DE MATERIA--NOMBRE DE PERSONA
Nombre de persona Hitler, Adolf,
Fechas asociadas al nombre 1889-1945
9 (RLIN) 63836
700 1# - ENTRADA AGREGADA--NOMBRE PERSONAL
Nombre de persona Scholz, Manuel.
9 (RLIN) 104641
830 00 - PUNTO DE ACCESO ADICIONAL DE SERIE-TÍTULO UNIFORME
Título uniforme Libros que hacen historia (AHR)
9 (RLIN) 182055
852 ## - LOCALIZACIÓN
Ubicación ES-MaACL
Número de control de estantería C-10631
Sublocalización o colección R.38245
Holdings
Estatus retirado Estado de pérdida Estado de daño No para préstamo Biblioteca de origen Biblioteca actual Ubicación en estantería Fecha de adquisición Fuente de adquisición Total de préstamos Signatura topográfica completa Código de barras Visto por última vez Precio de reemplazo Tipo de ítem Koha
        Biblioteca del Ateneo de Madrid Biblioteca del Ateneo de Madrid Sala Palomar 17/01/2008     C-10631 1157264 23/02/2023 23/02/2023 Libro impreso